| 000 | 00601nam a2200241Ia 4500 | ||
|---|---|---|---|
| 008 | 170203s9999 xx 000 0 und d | ||
| 020 | _a0-744582571 | ||
| 050 | _aFic | ||
| 050 | _bW516p | ||
| 100 | _aWest, Colin. | ||
| 245 | _a"Pardon?" said the giraffe / | ||
| 245 | _cColin West. | ||
| 260 | _aLondon : | ||
| 260 | _bWalker, | ||
| 260 | _c2001 | ||
| 300 | _a32 pages : | ||
| 300 | _bchiefly color illustrations ; | ||
| 300 | _c23 cm | ||
| 500 | _aOriginally published: 1986. | ||
| 650 | _aGiraffe -- Pictorial works -- | ||
| 650 | _aGiraffe. | ||
| 650 | _xJuvenile fiction. | ||
| 999 |
_c306326 _d306326 |
||